000
00278nam a22001337a 4500
008
210514b ||||| |||| 00| 0 eng d
041
_a
eng
080
_a
91
082
_a
91
100
_a
42
101
_a
GJEO
245
_a
Our Changing Earth
_c
Canby,Th.Y
942
_2
udc
_c
BK
999
_c
57345
_d
57345